000 00250nam a2200097Ia 4500
001 1181562
005 20250827020817.0
008 250824s9999 xx 000 0 und d
245 0 _aSULAR ÜSTÜNDE GÖKLER ALTINDA
_cKAAN MURAT YANIK
260 _bKETEBE
999 _c1181562
_d1181562